| 000 | 00571nam a2200181 a 4500 | ||
|---|---|---|---|
| 005 | 20210223125026.0 | ||
| 008 | 030623s1976 mx r 000 0 spa d | ||
| 035 | _aUPN01000126541 | ||
| 049 | _aSEP | ||
| 050 | 4 |
_aAC75 _bS4 no.250 |
|
| 100 | 1 |
_aDíaz-Berrio Fernández, Salvador _941395 |
|
| 245 | 1 | 0 |
_aConservación de monumentos y zonas monumentales / _cSalvador Díaz Berrio Fernández. |
| 260 |
_aMéxico : _bSEP, _c1976. |
||
| 300 |
_a222 p. : _bil. |
||
| 440 | 0 |
_aSepSetentas ; _v250 |
|
| 650 | 4 |
_aARQUITECTURA - _xCONSERVACION Y RESTAURACION _92325 |
|
| 905 | _aLibro | ||
| 999 |
_c98720 _d98720 |
||